000 00692nam a22001817a 4500
003 BD-DhUL
005 20160921181142.0
008 160831b1960 I ||||| |||| 00| 0 ben d
040 _cBD-DhUL
_aBD-DhUL
082 _a954.14
_bSUA
100 _aমিত্র, সুকুমার
245 _a১৮৫৭ ও বাংলাদেশ /
_cসুকুমার মিত্র.
260 _aকলিকাতা :
_bন্যাশনাল বুক এজেন্সি;
_c১৯৬০.
300 _a১৩৬ পৃ. :
_c২১ সে.মি.
_bচিত্র ;
650 0 _aবাংলাদেশ ইতিহাস
650 0 _aHistory of Bangladesh
942 _2ddc
_cBK
999 _c105297
_d105297